000 00640nam a2200253Ia 4500
008 160819s9999 xx 000 0 und d
020 _a978-0-06-202407-7
050 _aFIC R74a
050 _b2013
100 _aRoth, Veronica.
245 _aAllegiant /
245 _cVeronica Roth.
260 _aNew York :
260 _bKatherine Tegen Books,
260 _c2013
300 _a526 pages :
300 _c21 cm.
440 _aThe Divergent Series
650 _aCourage -- Fiction.
650 _aIdentity -- Fiction.
650 _aScience fiction.
650 _xFamily -- Fiction.
650 _xSocial classes -- Fiction.
999 _c300633
_d300633